00362nam a2200169Ia 4500003000900000008004100009040001300050040001300063041000800076100001900084245004000103260001300143260000900156300001100165300001000176490000600186IT-RoPAU120407s9999 xx 000 0 und d aIT-RoPAU cIT-RoPAU aita aJoseph Folliet aIl volto del cattolicesimo attuale. aCappelli c1960 a152 p. c19 cm v1